000 00859cam a2200229 4500
008 090401t1996 xxu||||| |||| 00| 0 eng d
020 _a0752002961
035 _a(Sirsi) u71783
041 _aeng
050 _a347.4107
100 _aYork, Stephen
245 _aPractical ADR.
260 _aLondon
_bFT Law & Tax
_c1996
300 _axiii,186p. ; 21cm.
350 _a55
520 _aProvides a breakdown of the different forms of dispute resolution available, offering guidance on negotiation, mediation, conciliation and settlement agreements. Includes checklists and worked examples of model agreements.
650 _aALTERNATIVE DISPUTE RESOLUTION
650 _aDISPUTE RESOLUTION
_96236
690 _aMANAGEMENT-DISPUTE AVOIDANCE, MANAGEMENT AND RESOLUTION-DISPUTE MANAGEMENT AND RESOLUTION-ARBITRATION
942 _n0
948 _c04/03/1997
999 _c95436
_d95436